| 000 | 00930cab a2200301 4500 | ||
|---|---|---|---|
| 001 | WB3008-47 | ||
| 008 | 090401t1994 xxu||||| |||| 00| 0 eng d | ||
| 035 | _a(Sirsi) u76278 | ||
| 041 | _aeng | ||
| 245 | _aGermany opens up public road projects | ||
| 260 | _c1994 | ||
| 350 | _a0 | ||
| 490 |
_aFinancial Times _v25 February 1994, 2(1) |
||
| 520 | _aThe German government is stepping up its privatisation programme and has approved legislation to allow private contractors to build and operate road projects. | ||
| 650 | _aBRIDGES | ||
| 650 | _aGERMANY | ||
| 650 |
_aInfrastructure _96246 |
||
| 650 | _aPRIVATE FINANCE | ||
| 650 | _aPRIVATE SECTOR | ||
| 650 | _aPRIVATISATION | ||
| 650 | _aPROPERTY-INFRASTRUCTURE-TRANSPORT INFRASTRUCTURE-ROAD INFRASTRUCTURE | ||
| 650 | _aRUHR | ||
| 650 | _aTOLL ROADS | ||
| 650 | _aTUNNELS | ||
| 690 | _aTRANSPORT AND COMMUNICATIONS | ||
| 942 | _n0 | ||
| 948 | _c04/03/1997 | ||
| 999 |
_c47996 _d47996 |
||